Loading...
| Science - Physics | 4 | 1 | 2 | 0 | 60 | 28 | 50.40 | 5 | 5 |
| Literature - European Literature | 2 | 0 | 0 | 0 | 30 | 8 | 27.00 | 1 | 2 |
| Beliefs | 0 | 2 | 0 | 0 | 20 | 118 | 123.50 | 1 | 2 |
| Literature - American Literature | 0 | 2 | 0 | 1 | 20 | 87 | 91.50 | 0 | 2 |
| Philosophy | 0 | 2 | 0 | 1 | 20 | 93 | 95.00 | 0 | 2 |
| Other Science: Earth Science | 1 | 0 | 0 | 0 | 15 | 64 | 64.00 | 0 | 1 |
| Other Science: Math | 1 | 0 | 0 | 0 | 15 | 19 | 19.00 | 1 | 1 |
| Other Arts: Visual | 0 | 1 | 0 | 1 | 10 | 142 | 142.00 | 0 | 1 |
| Other Academic | 0 | 1 | 0 | 1 | 10 | 136 | 136.00 | 0 | 1 |
| Science - Chemistry | 1 | 0 | 1 | 0 | 10 | 54 | 54.00 | 1 | 1 |
| Other Arts: Auditory | 0 | 1 | 0 | 1 | 10 | 146 | 146.00 | 0 | 1 |
| 0 | 1 | 1 | 0 | 5 | 73 | 73.00 | 1 | 1 | |
| Literature - British Literature | 0 | 1 | 1 | 1 | 5 | 142 | 142.00 | 0 | 1 |
| Religion | 0 | 0 | 0 | 0 | 0 | 0.00 | 0 | 0 | |
| Social Science | 0 | 0 | 1 | 0 | -5 | 0.00 | 0 | 0 |